Catálogo

LAS CULTURAS SUPERIORES DE ASIA CENTRAL Y ORIENTE (Registro nro. 28896)

Detalles MARC
000 -LEADER
fixed length control field 00485nam a2200181 a 4500
001 - CONTROL NUMBER
control field 28896
005 - DATE AND TIME OF LATEST TRANSACTION
control field 20180713231847.0
008 - FIXED-LENGTH DATA ELEMENTS--GENERAL INFORMATION
fixed length control field 140415s1985 sp 000 0 spa d
020 ## - INTERNATIONAL STANDARD BOOK NUMBER
International Standard Book Number 8423944034
041 ## - LANGUAGE CODE
Language code of text/sound track or separate title spa
082 ## - DEWEY DECIMAL CLASSIFICATION NUMBER
Classification number 900.05
Item number HEU
100 1# - MAIN ENTRY--PERSONAL NAME
Personal name MANN ALFRED HEUSS, GOLO
245 14 - TITLE STATEMENT
Title LAS CULTURAS SUPERIORES DE ASIA CENTRAL Y ORIENTE
250 ## - EDITION STATEMENT
Edition statement 1a ed.
260 ## - PUBLICATION, DISTRIBUTION, ETC.
Place of publication, distribution, etc. ESPAÑA :
Name of publisher, distributor, etc. ESPASA-CALPE,
Date of publication, distribution, etc. 1985
300 ## - PHYSICAL DESCRIPTION
Extent 405
Dimensions 12 x 3 x 18
650 14 - SUBJECT ADDED ENTRY--TOPICAL TERM
Topical term or geographic name entry element HISTORIA
Existencias
Withdrawn status Lost status Source of classification or shelving scheme Damaged status Not for loan Collection code Home library Current library Shelving location Date acquired Source of acquisition Total Checkouts Full call number Barcode Date last seen Date last checked out Price effective from Koha item type
    Dewey Decimal Classification     General Tehuacán Tehuacán Sala general 03/12/2013 Compra   900.05 HEU 502669 08/01/2025 13/09/2016 03/12/2013 Libro